The challenges of tribal development : (Record no. 123101)

MARC details
000 -LEADER
fixed length control field 00771nam a22002417a 4500
005 - DATE AND TIME OF LATEST TRANSACTION
control field 20170124105920.0
010 ## - LIBRARY OF CONGRESS CONTROL NUMBER
LC control number B-31334
020 ## - INTERNATIONAL STANDARD BOOK NUMBER
Terms of availability 00
International Standard Book Number 8176251089
035 ## - SYSTEM CONTROL NUMBER
System control number B-31334
037 ## - SOURCE OF ACQUISITION
Source of stock number/acquisition Cen Lib/Ret
040 ## - CATALOGING SOURCE
Original cataloging agency DPL
Language of cataloging EN
082 ## - DEWEY DECIMAL CLASSIFICATION NUMBER
Classification number 307.772
Item number PAD
100 ## - MAIN ENTRY--PERSONAL NAME
Personal name Padhy, Kishore C.
9 (RLIN) 4140
245 ## - TITLE STATEMENT
Title The challenges of tribal development :
Statement of responsibility, etc by Kishore C. Padhy
Remainder of title essay in honour of dr. N. Patnayak /
246 ## - VARYING FORM OF TITLE
Remainder of title
260 ## - PUBLICATION, DISTRIBUTION, ETC. (IMPRINT)
Name of publisher, distributor, etc Sarup and Sons
Date of publication, distribution, etc 2000
Place of publication, distribution, etc New Delhi
270 ## - ADDRESS
City New Delhi
Address 4740/23, ansari road, dariya ganj
Postal code 110002
300 ## - PHYSICAL DESCRIPTION
Extent v, 243p.
Dimensions 21cm(Hb)
500 ## - GENERAL NOTE
General note Includes bibliographical reference
650 ## - SUBJECT ADDED ENTRY--TOPICAL TERM
Topical term or geographic name as entry element Social Sciences
Geographic subdivision
9 (RLIN) 87512
650 ## - SUBJECT ADDED ENTRY--TOPICAL TERM
Topical term or geographic name as entry element Cultura Dimensions
9 (RLIN) 4142
942 ## - ADDED ENTRY ELEMENTS (KOHA)
Source of classification or shelving scheme Dewey Decimal Classification
Koha item type English Books
Classification part 307.772
Call number suffix PAD
Holdings
Withdrawn status Lost status Damaged status Not for loan Home library Current library Date acquired Source of acquisition Cost, normal purchase price Total Checkouts Full call number Barcode Date last seen Copy number Cost, replacement price Price effective from Koha item type Public note
Written off       Central Library Central Library 02/06/2015 Cen Lib/Ret 0.00   307.772 PAD B-31334 02/06/2015 1 0.00 15/09/2016 English Books W/d List No.6843/17; dtd 4/7/2020

© Delhi Public Library
Hit Counter
free hit counter